| 000 | 01215nam a22002177a 4500 | ||
|---|---|---|---|
| 999 |
_c6383 _d6383 |
||
| 003 | AR-CdUCM | ||
| 008 | 190315b ||||| |||| 00| 0 spa d | ||
| 040 |
_aMUNICIPALIDAD PROVINCIAL DEL CUSCO _cBIBLIOTECA MUNICIPAL DEL CUSCO |
||
| 082 |
_2 _a086.904 / _bT56G |
||
| 245 |
_aLas grandes épocas de la humanidad : _bhistoria de las culturas mundiales / |
||
| 260 |
_aEspaña : _bTime-Life International, _c1982. |
||
| 300 |
_a21 tomos ; _bilustraciones ; _c27 cm. |
||
| 500 | _at.19: libro | ||
| 505 | _aContenido: t.1: La edad del progreso -- t.2: El siglo veinte -- t.3: Orígenes de Europa -- t.4: La edad de las luces -- t.5: Reinos africanos -- t.6: La edad de la exploración -- t.7: La edad de la fé -- t.8: La Roma imperial -- t.9: India histórica -- t.10: El antiguo islam -- t.11: La era de los reyes -- t.12: La reforma -- t.14: Japón antiguo -- t.16: América precolombina -- t.17: Bizancio -- t.18: Origenes de Rusia -- t.19: El renacimiento -- t.20: La cuna de la civilización -- t.21: La Grecia clásica. | ||
| 650 |
_aHistoria _9246 |
||
| 650 |
_aCulturas _918182 |
||
| 650 |
_aColecciones _9607 |
||
| 700 |
_aRedactores de los libros Time-Life _918183 |
||
| 942 |
_2ddc _cLIBROS |
||
| 945 | _azta | ||